Statistics for Busiest Light-Rail Systems in the U.S.

Click here to take the quiz!

General Stats

  • This quiz has been taken 547 times
  • The average score is 26 of 40

Answer Stats

RankRidershipAnswer% Correct
151,395,800Metro Rail, Los Angeles
98%
249,519,600MUNI Metro, San Francisco
93%
215,719,900San Francisco cable cars, San Francisco
93%
347,161,500MBTA light rail, Boston
90%
725,075,922Link light rail, Seattle
89%
291,863,400Seattle Streetcar, Seattle
89%
40158,000Dallas Streetcar, Dallas
87%
628,069,000DART, Dallas
87%
1118,409,100METRORail, Houston
87%
438,388,200MAX light rail, Portland
84%
245,241,162Portland Streetcar, Portland
84%
538,047,300San Diego Trolley, San Diego
82%
824,585,300Denver RTD, Denver
80%
924,321,200SEPTA light rail, Philadelphia
79%
39255,600Atlanta Streetcar, Atlanta
78%
1415,060,200Valley Metro Rail, Phoenix
77%
1024,299,400METRO light rail, Minneapolis
76%
321,200,000Q-Line, Detroit
75%
197,364,300Pittsburgh Light Rail, Pittsburgh
74%
301,477,700RTA Rapid Transit, Cleveland
73%
206,508,700Baltimore Light Rail, Baltimore
72%
1513,088,000Metrolink, St. Louis
72%
235,289,400RTA Streetcars, New Orleans
67%
282,228,942KC Streetcar, Kansas City
65%
178,892,100Charlotte Area Transit System, Charlotte
63%
188,335,100VTA Light Rail, Santa Clara County
60%
37302,000MATA Trolley, Memphis
58%
254,394,000Buffalo Metro Rail, Buffalo
57%
1611,180,100Sacramento RT Light Rail, Sacramento
57%
36530,757Cincinnati Bell Connector, Cincinnati
52%
1216,871,800TRAX, Salt Lake City
51%
225,500,000Newark Light Rail, Newark
43%
38271,900El Paso Streetcar, El Paso
34%
331,093,400DC Streetcar, Washington DC
33%
35873,100Sun Link, Tucson
32%
1315,500,000Hudson-Bergen Light Rail, Jersey City
24%
262,700,000River LINE, Trenton-Camden
18%
311,345,100Tide Light Rail, Norfolk
17%
34909,429Link light rail, Tacoma
13%
272,475,800SPRINTER, Oceanside-Escondido
5%

Score Distribution

Percentile by Number Answered

Percent of People with Each Score

Your Score History

You have not taken this quiz